A. WESLEY POWELL LEARNING RESOURCE CENTRE (WPLRC)

Wonderful Place to Learn, Research & Collaborate

Principles of macroeconomics / (Record no. 7192)

MARC details
000 -LEADER
fixed length control field 01150cam a2200289 a 4500
001 - ACCESSION NUMBER
control field 46541
003 - CONTROL NUMBER IDENTIFIER
control field OSt
005 - DATE AND TIME OF LATEST TRANSACTION
control field 20170620111609.0
008 - FIXED-LENGTH DATA ELEMENTS--GENERAL INFORMATION
fixed length control field 111208s2013 nyua 001 0 eng
020 ## - INTERNATIONAL STANDARD BOOK NUMBER
International Standard Book Number 9780077318505 (pbk. : alk. paper)
020 ## - INTERNATIONAL STANDARD BOOK NUMBER
International Standard Book Number 0077318501 (pbk. : alk. paper)
040 ## - CATALOGING SOURCE
Original cataloging agency DLC
Transcribing agency DLC
Modifying agency DLC
042 ## - AUTHENTICATION CODE
Authentication code pcc
050 00 - LIBRARY OF CONGRESS CALL NUMBER
Classification number HB172.5
Item number .F69 2013
082 00 - DEWEY DECIMAL CLASSIFICATION NUMBER
Classification number 339
Edition number 23
100 1# - MAIN ENTRY--PERSONAL NAME
Personal name Frank, Robert H.
245 10 - TITLE STATEMENT
Title Principles of macroeconomics /
Statement of responsibility, etc. Robert H. Frank, Ben S. Bernanke ; with special contribution by Louis D. Johnston.
250 ## - EDITION STATEMENT
Edition statement 5th ed.
260 ## - PUBLICATION, DISTRIBUTION, ETC. (IMPRINT)
Place of publication, distribution, etc. New York :
Name of publisher, distributor, etc. McGraw-Hill/Irwin,
Date of publication, distribution, etc. c2013.
300 ## - PHYSICAL DESCRIPTION
Extent xxxii, 445 p. :
Other physical details ill. (some col.) ;
Dimensions 28 cm.
500 ## - GENERAL NOTE
General note Includes index.
650 #0 - SUBJECT ADDED ENTRY--TOPICAL TERM
Topical term or geographic name as entry element Macroeconomics.
700 1# - ADDED ENTRY--PERSONAL NAME
Personal name Bernanke, Ben
700 1# - ADDED ENTRY--PERSONAL NAME
Personal name Johnston, Louis
Fuller form of name (Louis Dorrance)
906 ## - LOCAL DATA ELEMENT F, LDF (RLIN)
a 7
b cbc
c orignew
d 1
e ecip
f 20
g y-gencatlg
942 ## - ADDED ENTRY ELEMENTS (KOHA)
Source of classification or shelving scheme Dewey Decimal Classification
Koha item type Circ Books
Holdings
Withdrawn status Lost status Source of classification or shelving scheme Damaged status Not for loan Home library Current library Date acquired Total Checkouts Full call number Barcode Date last seen Price effective from Koha item type Collection code
    Dewey Decimal Classification     Camp Road Library Camp Road Library 05/15/2018   339/FRA 46540 11/12/2018 05/15/2018 Books  
    Dewey Decimal Classification     Wesley Powell Learning Resource Centre Wesley Powell Learning Resource Centre 06/20/2017   339/FRA 46541 06/20/2017 06/20/2017 Circ Books  
    Dewey Decimal Classification     Wesley Powell Learning Resource Centre Wesley Powell Learning Resource Centre 06/20/2017   339/FRA 46542 06/20/2017 06/20/2017 Circ Books  
    Dewey Decimal Classification   Not For Loan Wesley Powell Learning Resource Centre Wesley Powell Learning Resource Centre 06/20/2017   R/339/FRA 46543 06/20/2017 06/20/2017 Circ Books Non-fiction
    Dewey Decimal Classification   Not For Loan Wesley Powell Learning Resource Centre Wesley Powell Learning Resource Centre 06/20/2017   R/339/FRA 46544 06/20/2017 06/20/2017 Circ Books Non-fiction
    Dewey Decimal Classification     Wesley Powell Learning Resource Centre Wesley Powell Learning Resource Centre 05/15/2018   RBC/339/FRA 46797 05/15/2018 05/15/2018 Circ Books  
    Dewey Decimal Classification     Wesley Powell Learning Resource Centre Wesley Powell Learning Resource Centre 05/15/2018   RBC/339/FRA 46798 05/15/2018 05/15/2018 Circ Books  
    Dewey Decimal Classification     Wesley Powell Learning Resource Centre Wesley Powell Learning Resource Centre 05/15/2018   R/339/FRA 46799 05/15/2018 05/15/2018 Circ Books  
    Dewey Decimal Classification     Wesley Powell Learning Resource Centre Wesley Powell Learning Resource Centre 05/15/2018   339/FRA 46796 05/15/2018 05/15/2018 Circ Books